000 01787nam a2200157 4500
999 _c510859
_d510859
008 190903b ||||| |||| 00| 0 eng d
100 _aSingh, Shailendra Kumar
_99507
245 _aPremchand, nationalism and civil resistance in colonial North India
260 _c2019
300 _ap.171-194.
520 _aThe theme of nationalism in the works of Premchand, the pre-eminent Urdu–Hindi writer of the 1920s and 1930s, not only serves as an organising principle but also constitutes a protean and contentious field of study, which has resulted in conflicting interpretations. On the one hand, his nationalist narratives are categorically denounced for their apparent lack of radicalism, while on the other hand, they are unequivocally valorised for their so-called subversive content. Both these diametrically opposed schools of criticism, however, share a common lacuna, that is, both of them tend to conflate the writer’s nationalist narratives with his peasant discourse, thereby precluding the possibility of different themes yielding different interpretations. This article examines the theme of nationalism in Premchand’s works, in general, and the question of civil resistance in particular, in order to demonstrate how the writer’s politics of representation in his nationalist writings differs from the one that we find in his peasant narratives. It argues that as opposed to the authorial valorisation of the fictive peasant’s conformity to the exploitative status quo, civil resistance in Premchand’s nationalist narratives is not only necessary and desirable but also synonymous with dharma (moral duty) itself. - Reproduced.
650 _aPremchand
_99508
773 _aIndian Economic and Social History Review
906 _aNationalism
942 _2ddc
_cAR